Cicatrices

Salvato in:
Dettagli Bibliografici
Autore principale: Gaete Araya, Cristóbal (Autore)
Natura: Libro
Lingua:spagnolo
Pubblicazione: Valparaíso La Cáfila 2004
Edizione:1a. ed
Serie:La Cáfila, 11
Soggetti:
Tags: Aggiungi Tag
Nessun Tag, puoi essere il primo ad aggiungerne!!

MARC

LEADER 00000nam a2200000 a 4500
001 UCK5601
003 CL-VaPUC
008 050805e20041100CL |||||||||||||||||spa|d
020 |a 9568142231 
082 0 4 |a Ch863  |b GAE  |2 21 
100 |a Gaete Araya, Cristóbal  |e author  |9 494455 
245 1 0 |a Cicatrices 
250 |a 1a. ed 
300 |a 71 p 
942 |c BK 
945 |d 20050805 00:00:00  |a jcarroza 
260 |a Valparaíso  |b La Cáfila  |c 2004 
650 0 |a Literatura chilena   |9 308278 
650 0 |a Cuentos chilenos   |9 308280 
583 |a last modification  |c 20050805 00:00:00  |k Rodrigo Vera 
490 0 |a La Cáfila, 11 
999 |c 314102  |d 314100 
952 |0 0  |1 0  |4 0  |6 CH_863_000000000000000_GAE_2004  |7 0  |8 A  |9 386015  |a BIBEDU  |b BIBEDU  |d 2019-11-22  |i 4150791  |o Ch863 GAE 2004  |p 4150791  |r 2019-11-22  |w 2019-11-22  |y BK  |k LIT